<?xml version="1.0" encoding="UTF-8"?>
<record
    xmlns:xsi="http://www.w3.org/2001/XMLSchema-instance"
    xsi:schemaLocation="http://www.loc.gov/MARC21/slim http://www.loc.gov/standards/marcxml/schema/MARC21slim.xsd"
    xmlns="http://www.loc.gov/MARC21/slim">

  <leader>00772nam a2200145Ia 4500</leader>
  <controlfield tag="008">180921t1986    xxu||||| ||||o00| 0 sin d</controlfield>
  <datafield tag="041" ind1=" " ind2=" ">
    <subfield code="a">sin</subfield>
  </datafield>
  <datafield tag="245" ind1=" " ind2=" ">
    <subfield code="a">&#xDC1;&#xDCA;&#x200D;&#xDBB;&#xDD3; &#xDBD;&#xD82;&#xD9A;&#xDCF; &#xDB4;&#xDCA;&#x200D;&#xDBB;&#xDA2;&#xDCF;&#xDAD;&#xDCF;&#xDB1;&#xDCA;&#xDAD;&#xDCA;&#x200D;&#xDBB;&#xDD2;&#xD9A; &#xDC3;&#xDB8;&#xDCF;&#xDA2;&#xDC0;&#xDCF;&#xDAF;&#xDD3; &#xDA2;&#xDB1;&#xDBB;&#xDA2;&#xDBA;&#xDDA; &#xDB4;&#xDCF;&#xDBB;&#xDCA;&#xDBD;&#xDD2;&#xDB8;&#xDDA;&#xDB1;&#xDCA;&#xDAD;&#xDD4;&#xDC0; : 1986 &#xD85;&#xD82;&#xD9A; 26 &#xDAF;&#xDBB;&#xDAB; &#xDC0;&#xDD2;&#xDC2;&#xDC0;&#xDBB;&#xDCA;&#xD9C;,&#xD85;&#xDB6;&#xDD2;&#xD82; &#xDC3;&#xDC4; &#xD85;&#xDB1;&#xDCA;&#xDAD;&#xDBB;&#xDCF;&#xDBA;&#xDAF;&#xDCF;&#xDBA;&#xD9A; &#xD96;&#xDC2;&#xDB0; &#xDC0;&#xDBB;&#xDCA;&#xD9C; ( &#xDC3;&#xD82;&#xDC1;&#xDDD;&#xDB0;&#xDB1; )   &#xDB4;&#xDB1;&#xDAD;</subfield>
  </datafield>
  <datafield tag="246" ind1=" " ind2=" ">
    <subfield code="a">Sri Lanka Prajathantrika Samajavadi Janarajaye Parlimenthuwa :  1986 Anka 26 Darana Vishavarga,Abhin Sha Antharayadayaka Awshada Warga ( Sanshodana ) Panatha</subfield>
  </datafield>
  <datafield tag="260" ind1=" " ind2=" ">
    <subfield code="c">1986</subfield>
  </datafield>
  <datafield tag="300" ind1=" " ind2=" ">
    <subfield code="a">28 cm</subfield>
  </datafield>
  <datafield tag="942" ind1=" " ind2=" ">
    <subfield code="c">BK</subfield>
  </datafield>
  <datafield tag="952" ind1=" " ind2=" ">
    <subfield code="0">0</subfield>
    <subfield code="1">0</subfield>
    <subfield code="4">0</subfield>
    <subfield code="7">0</subfield>
    <subfield code="8">GOV</subfield>
    <subfield code="a">MAIN</subfield>
    <subfield code="b">MAIN</subfield>
    <subfield code="d">2014-03-04</subfield>
    <subfield code="p">133773-17</subfield>
    <subfield code="r">2023-06-15</subfield>
    <subfield code="w">2023-06-15</subfield>
    <subfield code="y">BK</subfield>
  </datafield>
  <datafield tag="999" ind1=" " ind2=" ">
    <subfield code="c">68516</subfield>
    <subfield code="d">68516</subfield>
  </datafield>
  <controlfield tag="003">LK-CoDNM</controlfield>
  <datafield tag="040" ind1=" " ind2=" ">
    <subfield code="a">LK-CoDNM</subfield>
    <subfield code="d">LK-CoDNM</subfield>
    <subfield code="e">LK-CoDNM</subfield>
  </datafield>
</record>
